| 000 | 01459nam0a2200361 4500 | ||
|---|---|---|---|
| 001 | RU\NLR\bibl\483196 | ||
| 005 | 20260408190916.0 | ||
| 010 |
_a5-7511-1633-Х _9500 |
||
| 021 |
_aRU _b2003-66773 _93292 |
||
| 035 | _a(NLR Aleph) 000475965 | ||
| 090 |
_a1023396 _c1023396 |
||
| 100 | _a20040126d2003 u y0rusy50 ca | ||
| 101 | 0 | _arus | |
| 102 | _aRU | ||
| 105 | _ay ||||||||| | ||
| 200 | 1 |
_aСимволизм как мировидение Серебряного века _eСоциокультур. факторы формирования обществ. сознания рос. культур. элиты рубежа XIX-XX в. _fМ.А. Воскресенская |
|
| 210 |
_aТомск _cТГУ _d2003 |
||
| 215 |
_a224, [1] с. _d21 |
||
| 320 | _aБиблиогр.: с. 158-173 | ||
| 320 | _aПредм.-имен. указ.: с. 216-224 | ||
| 606 | 0 |
_aСимволизм _xв литературе _yРоссия _91943788 _3RU\NLR\auth\66888508 |
|
| 606 |
_8rus _aСимволизм (филос.) _7ca _3RU\NLR\auth\661258776 _92082748 |
||
| 607 |
_aРоссия _xКультура _z19 - 20 вв. _92079146 _3RU\NLR\auth\661255019 |
||
| 686 | _aЮ802.283.31 | ||
| 686 | _aТ3(2)5-7 | ||
| 686 | _aШ5(2=Р)53-328.81 | ||
| 700 | 1 |
_aВоскресенская _bМ. А. _gМарина Аркадьевна _4070 |
|
| 801 | 0 |
_aRU _bNLR _c20040126 _gPSBO |
|
| 801 | 1 |
_aRU _bNLR _c20040126 |
|
| 942 | _cBOOK | ||
| 980 | _aNB | ||
| 980 | _aNBR | ||